00753nam a2200205Ia 4500003000500000008004100005020001800046040001900064082000700083100001900090245011400109246011500223260002800338300001000366365001400376546001200390942001600402999001700418952011200435STCL230729s9999 xx 000 0 und d a9781781571064 aSTCLcSTCLbEN 222 aMoore, Alannah 4aThe creative persons website builder: how to make a pro webiste yourself using wordpress and other easy tools aThe creative person's website builder: how to make a pro website yourself using wordpress and other easy tools bIlexaEast Sussexc2013 a176 p e14.99 EUR aEnglish 2DDCe22cBK c90764d90764 00102DDC4070aSTCALbSTCALcGENd2023-07-29l0o006.7 MOO-CpJ01446r2023-07-29 00:00:00w2023-07-29yBK